00425nam a22001577a 4500003000500000005001700005008004100022020001500063050002100078082002000099100001800119245005800137260003600195300002100231650001500252PILC20160113095257.0121124t xxu||||| |||| 00| 0 eng d a0439064872 aPZ 7b.R884 1999 aFIC bR79h 1999 aRowling J. K. aHarry potter and the chamber of secrets cJ.K Rowling aNew York :bScholastic,cc1999. a341 p. :c19 cm. aFiction.